000 00326nam a2200133Ia 4500
005 20251222175932.0
008 251222s9999||||xx |||||||||||||| ||spa||
020 _a9788499036014
082 _a345.460.5/T48
245 0 _aLey de Enjuiciamiento Criminal:
250 _a15a .ed.
264 _bEditorial Aranzandi
942 _cLIB
999 _c41062
_d41062